| 000 | 00905nam a22002417a 4500 | ||
|---|---|---|---|
| 001 | 97321 | ||
| 003 | UA-OsUOA | ||
| 005 | 20211102104643.0 | ||
| 007 | ta | ||
| 008 | 20130328b un ||||| |||| 00| 0 ukr d | ||
| 040 |
_aUA-OsUOA _bukr _cUA-OsUOA _dUA-OsUOA |
||
| 041 | _aukr | ||
| 080 | _a821.161.2 | ||
| 090 |
_a821.161.2 _bП45 |
||
| 245 |
_aПоезія іскристих миттєвостей _bзбірка поезій студентів факультету політико-інформаційного менеджменту _cзаг. ред. Н. М. Затишної ; укл. М. І. Роздольська |
||
| 260 |
_aОстрог _bНаУОА _c2013 |
||
| 300 | _a88 с. | ||
| 650 | 7 |
_a821 Художня література _2UDC |
|
| 700 | 1 |
_aЗатишна Н. М. _eред. |
|
| 942 |
_cBK _2udc |
||
| 955 | _a3 | ||
| 999 |
_c383569 _d383569 |
||